Регионална библиотека "Любен Каравелов" - Русе

Нормален изглед MARC изглед
  • оперна музика

Вход 08. Ключови думи

Брой записи, използвани в: 0

001 - Контролен номер на записа

  • Контролно поле: 389499

003 - Код на организацията, даваща контролен номер

  • Контролно поле: BLK

005 - Дата и час на последна промяна на записа

  • Контролно поле: 20180727114347.0

008 - Данни с фиксирана дължина – обща информация

  • Данни с фиксирана дължина : 180727|| aca||aabn | a|a d

153 ## - Ключови думи

  • Ключова дума: оперна музика

942 ## - Системна служебна употреба

  • Koha auth type: KEW
Vip Innovations Ltd, Rousse, Bulgaria 2025